000 00856nas a2200277 4500
001 BR9602008
003 BR-BrBNA
005 20231205095729.0
007 ta
008 230509b bl.|||p| |||| 00| 00por d
040 _aBR-BrBNA
_bpor
_cBiblioteca Nacional de Agricultura
041 _a(Pt)
072 _aL73
100 1 _aCastilho, L.F.F.
100 1 _aMattos, R.
100 1 _aMalschitzky, E.
100 1 _aGregory, R.M.
100 1 _aMattos, R.C.
245 1 _aLavagem uterina com solucao salina na egua como forma de tratamento da endometrite
650 _aEgua
650 _aEndometrite
650 _aUtero
773 0 _tArquivos da Faculdade de Veterinaria da Universidade Federal do Rio Grande do Sul (Brazil)
_xISSN 0101-5230
_g(1995), v. 23 p. 43-52
_wBR9602008
909 _a202311
_bLúcia
_c55
_dLúcia Elande
942 _2AGRIS
_n0
_cANA
999 _c152397
_d152397